| 000 | 00409nam a2200145 i 4500 | ||
|---|---|---|---|
| 001 | bg | ||
| 100 | 1 | _aSZECHY, Kardy | |
| 245 | 0 |
_aBłędy posadowienia / _cKardy Szechy. |
|
| 260 |
_aWarszawa, _c1976. |
||
| 040 | _cBPK | ||
| 041 | _apol | ||
| 942 | _cKS | ||
| 008 | s pl f |000 0 pol | ||
| 856 |
_uhttp://koha.tu.koszalin.pl/cgi-bin/koha/opac-detail.pl?biblionumber=20180 _yKatalog online BPK |
||
| 999 |
_c20180 _d20180 |
||